000 00517nam a2200193Ia 4500
008 240510s9999 xx 000 0 und d
020 _a0001566042569
041 _aEng
082 _a004.69
082 _bW23
100 _aWEINGARTEN J. & JAMES P.
245 4 _aTHE MICROSOFT NETWORK TOUR GUIDE : MAKING THE MOST OF THE NEW WINDOWS 95 ONLINE SERVICE
260 _bU.S.A. : VENTANA
260 _c1995
300 _a302 p.
650 _aMICROSOFT NETWORK : COMPUTER NETWORKS
942 _2ddc
942 _cRBK
999 _c26535
_d26535
945 _a1
_bMadushi Gamage
_c1
_dMadushi Gamage